| 000 | 00869nam a22002177a 4500 | ||
|---|---|---|---|
| 020 | _a9780691102221 | ||
| 050 | 0 | 0 | _aJV5260 |
| 082 | 0 | 0 |
_a325.3152095 _bJAP |
| 245 | 0 | 4 |
_aThe Japanese colonial empire, 1895-1945 / _cedited by Ramon H. Myers and Mark R. Peattie ; contributors, Ching-chih Chen ... [et al.]. |
| 260 |
_aPrinceton, N.J. : _bPrinceton University Press, _cc1984. |
||
| 300 |
_a540 p. ; _c23 cm. |
||
| 651 | 0 |
_aJapan _xColonies _zAsia _xAdministration _xHistory. _9101889 |
|
| 651 | 0 |
_aJapan _xColonies _zAsia _xEconomic policy. _9101890 |
|
| 651 | 0 |
_aEast Asia _xPolitics and government. _9101891 |
|
| 700 | 1 |
_aMyers, Ramon Hawley, _d1929- _9101892 |
|
| 700 | 1 |
_aPeattie, Mark R., _d1930- _9101893 |
|
| 700 | 1 |
_aChen, Ching-chih, _d1937 May 24- _9101894 |
|
| 906 |
_a0 _bcbc _corigcop _d1 _eecip _f20 _gy-gencatlg |
||
| 942 |
_2ddc _cBK |
||
| 999 |
_c592145 _d592145 |
||